00290nam a2200121Ia 4500008004100000020001800041041001200059100001100071245002800082260003400110300000800144650001600152221030s9999 xx 000 0 und d a9788120301450 aEnglish aN. Deo 0aGraph Theorycby N. Deo bPHI LearningaNew Delhic2011 a478 aBB Computer